Rote Dinge - Bildquiz - Statistiken

Allgemein
  • Dieses Quiz wurde 12.579 mal gespielt
  • Das Durchschnittsergebnis liegt bei 11 aus 18
Antwortstatistiken
Bildquiz Hint Antwort % Korrekt
Blume Rose
100%
die Blätter dieses Baumes
(im Herbst)
Ahorn
92%
Tier Marienkäfer
92%
etwas im All Mars
90%
Märchencharakter Rotkäppchen
86%
die Doppeldeckerbusse dieser Stadt London
83%
Frucht Johannisbeere
78%
Flagge dieses Landes Vietnam
73%
Stadtflagge Hamburg
67%
Gewürz Safran
67%
Tier Roter Panda
65%
Logo dieser Firma Mitsubishi
64%
dieses Gebiet in Amsterdam Rotlichtviertel
61%
Wahrzeichen von Paris Moulin Rouge
38%
Kopfbedeckung Fez
29%
spezifische Sorte scharfer Chilis Habanero
22%
Thema eines chinesischen Festivals Rote Laterne
17%
amerikanischer Vogel Kardinal
12%
Keine übereinstimmenden Quizze gefunden
Verteilung der Resultate
Anzahl Personen mit jedem Resultat
Perzentil nach korrekt beantworteten Fragen
Ihre Resultats-Entwicklung
Sie haben dieses Quiz noch nicht gespielt